Films dont le titre commence par un H (1) - Statistiques

Statistiques générales
  • Ce quiz a été pris 6 fois
  • Le résultat moyen est 7 sur 30
Statistiques - réponses
Année Réalisateur Genre 1 acteur ou
1 actrice
Titre % Correct
1969 E. Molinaro Comédie Louis de Funès Hibernatus
83%
1986 R. Mulcahy Fantastique Christophe Lambert Highlander
67%
1959 A. Resnais Drame psychologique Emmanuelle Riva Hiroshima mon amour
67%
1991 S. Spielberg Aventures Dustin Hoffman Hook
67%
1938 M. Carné Drame Arletty Hôtel du Nord
67%
1986 W. Allen Comédie Woody Allen Hannah et ses soeurs
50%
1983 L. Cozzi Peplum Lou Ferrigno Hercule
50%
1963 F. Fellini Drame psychologique Marcello Mastroianni Huit et demi
50%
1962 H. Hawks Aventures John Wayne Hatari
33%
1989 K. Branagh Historique Kenneth Branagh Henri V
33%
1970 H. Colpi Comédie Fernandel Heureux qui comme Ulysse
33%
1975 J. Jaeckin Erotique Corinne Cléry Histoire d'O
33%
1979 M. Forman Musical Nicholas Ray Hair
17%
1971 H. Ashby Comédie dramatique Ruth Gordon Harold et Maude
17%
1989 D. Amar Comédie dramatique Lambert Wilson Hiver 54 l'abbé Pierre
17%
1937 F. Capra Aventures Ronald Colman Horizons perdus
17%
1981 A. Téchiné Comédie dramatique Catherine Deneuve Hôtel des Amériques
17%
1986 H. Ashby Policier Jeff Bridges Huit millions de façons de mourir
17%
1987 J. Irvin Guerre Don Cheadle Hamburger Hill
0%
1944 G. Cukor Drame Charles Boyer Hantise
0%
1937 A. Dwan Comédie dramatique Shirley Temple Heïdi
0%
1956 R. Wise Peplum Rossana Podesta Hélène de Troie
0%
1969 G. Kelly Musical Barbra Streisand Hello Dolly
0%
1961 V. Cotta Peplum Marie Petri Hercule à la conquête de l'Atlantide
0%
1961 M. Bava Peplum Reg Park Hercule contre les vampires
0%
1992 S. Frears Comédie Dustin Hoffman Héros malgré lui
0%
1947 G. Grangier Musical Luis Mariano Histoire de chanter
0%
1947 H. Koster Cpmédie Cary Grant Honni soit qui mal y pense
0%
1949 D. Daves Guerre Gary Cooper Horizons en flammes
0%
1959 R. Darène Comédie Fernand Raynaud Houla houla
0%
Aucun quiz correspondant
Distribution des résultats
% des personnes avec chaque résultat
Percentile par nombre de réponses
Votre historique - résultats
Vous n’avez pas pris ce quiz